| 000 -LEADER | |
|---|---|
| fixed length control field | 00267nam a22001097a 4500 |
| 050 ## - LIBRARY OF CONGRESS CALL NUMBER | |
| Classification number | BS 2397 |
| 100 ## - MAIN ENTRY--AUTHOR NAME | |
| Personal name | Moore, William J. |
| 245 ## - TITLE STATEMENT | |
| Title | New Testament Concept of the Ministry |
| 260 ## - PUBLICATION, DISTRIBUTION, ETC. (IMPRINT) | |
| Place of publication | St. Louis, Misspuri |
| Name of publisher | The Bethany Press |
| Year of publication | 1956 |
| 300 ## - PHYSICAL DESCRIPTION | |
| Number of Pages | 112p. |
| 942 ## - ADDED ENTRY ELEMENTS (KOHA) | |
| Koha item type | Books |
| Koha item type | Collection code | Shelving location | Accession Number | Permanent Location | Current Location | Date acquired | Full call number |
|---|---|---|---|---|---|---|---|
| Books | Lending | Lending | 5605 | Chapman Library | Chapman Library | 2017-04-03 | BS 2397moo |

